[Event "BCF-ch Major op"]
[Site "North Shields"]
[Date "2012.07.26"]
[Round "4.53"]
[White "Zhang, Anthony"]
[Black "O'Donnell, Joe"]
[Result "1-0"]
[WhiteElo "1806"]
[BlackElo "1920"]
[PlyCount "85"]
[EventDate "2012.07.23"]
[EventType "swiss"]
[EventRounds "11"]
[EventCountry "ENG"]
[SourceTitle "EXT 2023"]
[Source "ChessBase"]
[SourceDate "2022.10.05"]
[SourceVersion "1"]
[SourceVersionDate "2022.10.05"]
[SourceQuality "1"]

1. d4 e6 2. Nf3 Nf6 3. c4 b6 4. Nc3 Bb4 5. Bd2 Bb7 6. e3 0-0 7. Bd3 c5 8. 0-0 cxd4 9. exd4 Bxc3 10. Bxc3 Ne4 11. Re1 Nxc3 12. bxc3 d6 13. Re3 Nd7 14. Qc2 Nf6 15. Rae1 Rc8 16. Nd2 h6 17. Rh3 Rc7 18. f3 d5 19. g4 Re8 20. Re2 dxc4 21. Bxc4 Qc8 22. Qa4 Bc6 23. Qb4 Nd5 24. Bxd5 Bxd5 25. f4 Qa6 26. Rhe3 Qxa2 27. Kf2 Qa6 28. g5 h5 29. Ne4 Bxe4 30. Rxe4 Qc4 31. Qd6 Qxc3 32. f5 Qc6 33. Qf4 Rce7 34. f6 Rd7 35. fxg7 Qd5 36. Qf6 Red8 37. Rf4 Qh1 38. Kg3 Qg1+ 39. Kh3 a5 40. Qh6 f5 41. Qh8+ Kf7 42. g8Q+ Rxg8 43. Qf6+ 1-0